LAPIZ/ (Record no. 3683)

MARC details
000 -LEADER
campo de control de longitud fija 01539nam a22004817a 4500
003 - IDENTIFICADOR DE NÚMERO DE CONTROL
campo de control OSt
005 - FECHA Y HORA DE LA ÚLTIMA TRANSACCIÓN
campo de control 20230524091259.0
008 - DATOS DE LONGITUD FIJA--INFORMACIÓN GENERAL
campo de control de longitud fija 221006b |||||||| |||| 00| 0 eng d
040 ## - FUENTE DE CATALOGACIÓN
Centro/agencia transcriptor Biblioteca Lado V
082 ## - NÚMERO DE LA CLASIFICACIÓN DECIMAL DEWEY
Número de clasificación 700
Número de ítem A786l
110 ## - ENTRADA PRINCIPAL--NOMBRE DE ENTIDAD CORPORATIVA
9 (RLIN) 830
Nombre de entidad corporativa o nombre de jurisdicción como elemento de entrada ARTEDER
Término indicativo de función/relación Editor
245 ## - MENCIÓN DEL TÍTULO
Título LAPIZ/
Resto del título Revista Mensual de Arte/
260 ## - PUBLICACIÓN, DISTRIBUCIÓN, ETC.
Nombre del editor, distribuidor, etc. Feria internacional de Bilbao
Fecha de publicación, distribución, etc. 1997
Lugar de publicación, distribución, etc. España
300 ## - DESCRIPCIÓN FÍSICA
Dimensiones 22x29cm
Extensión 210p.
366 ## - INFORMACIÓN SOBRE DISPONIBILIDAD COMERCIAL
Nota spa
490 ## - MENCIÓN DE SERIE
Mención de serie 149-150
Designación de volumen o secuencia XVIII
Materiales especificados 2 PARTE
505 ## - NOTA DE CONTENIDO CON FORMATO
Nota de contenido con formato Tony Oursler
505 ## - NOTA DE CONTENIDO CON FORMATO
Nota de contenido con formato Juan Ugalde
505 ## - NOTA DE CONTENIDO CON FORMATO
Nota de contenido con formato Esther Ferrer
505 ## - NOTA DE CONTENIDO CON FORMATO
Nota de contenido con formato Wim Delvoye
505 ## - NOTA DE CONTENIDO CON FORMATO
Nota de contenido con formato Eugenio Cano
505 ## - NOTA DE CONTENIDO CON FORMATO
Nota de contenido con formato Jochen Gerz
505 ## - NOTA DE CONTENIDO CON FORMATO
Nota de contenido con formato Carles Pazos
505 ## - NOTA DE CONTENIDO CON FORMATO
Nota de contenido con formato Silvia Gruner
505 ## - NOTA DE CONTENIDO CON FORMATO
Nota de contenido con formato Rogelio Lopez Cuenca
505 ## - NOTA DE CONTENIDO CON FORMATO
Nota de contenido con formato Fabrizio Plessi
505 ## - NOTA DE CONTENIDO CON FORMATO
Nota de contenido con formato Eugenia Balcells
505 ## - NOTA DE CONTENIDO CON FORMATO
Nota de contenido con formato Adriana Varejao
505 ## - NOTA DE CONTENIDO CON FORMATO
Nota de contenido con formato Daniel Canogar
505 ## - NOTA DE CONTENIDO CON FORMATO
Nota de contenido con formato Pedro Proenca
505 ## - NOTA DE CONTENIDO CON FORMATO
Nota de contenido con formato Juan Pablo Ballerter
505 ## - NOTA DE CONTENIDO CON FORMATO
Nota de contenido con formato Alicia Martin
650 ## - PUNTO DE ACCESO ADICIONAL DE MATERIA--TÉRMINO DE MATERIA
Fuente del encabezamiento o término Tesauro de Arte & Arquitectura
Término de materia o nombre geográfico como elemento de entrada ARTE
9 (RLIN) 703
650 ## - PUNTO DE ACCESO ADICIONAL DE MATERIA--TÉRMINO DE MATERIA
Fuente del encabezamiento o término Tesauro de Arte & Arquitectura
Término de materia o nombre geográfico como elemento de entrada ARQUITECTURA
650 ## - PUNTO DE ACCESO ADICIONAL DE MATERIA--TÉRMINO DE MATERIA
Fuente del encabezamiento o término Tesauro de Arte & Arquitectura
Término de materia o nombre geográfico como elemento de entrada FOTOGRAFIA
9 (RLIN) 702
650 ## - PUNTO DE ACCESO ADICIONAL DE MATERIA--TÉRMINO DE MATERIA
Fuente del encabezamiento o término Tesauro de Arte & Arquitectura
Término de materia o nombre geográfico como elemento de entrada ENTREVISTAS
650 ## - PUNTO DE ACCESO ADICIONAL DE MATERIA--TÉRMINO DE MATERIA
Fuente del encabezamiento o término Tesauro de Arte & Arquitectura
Término de materia o nombre geográfico como elemento de entrada ARQUEOLOGIA
650 ## - PUNTO DE ACCESO ADICIONAL DE MATERIA--TÉRMINO DE MATERIA
Fuente del encabezamiento o término Tesauro de Arte & Arquitectura
Término de materia o nombre geográfico como elemento de entrada REPORTAJES
650 ## - PUNTO DE ACCESO ADICIONAL DE MATERIA--TÉRMINO DE MATERIA
Fuente del encabezamiento o término Tesauro de Arte & Arquitectura
Término de materia o nombre geográfico como elemento de entrada LIBROS
650 ## - PUNTO DE ACCESO ADICIONAL DE MATERIA--TÉRMINO DE MATERIA
Fuente del encabezamiento o término Tesauro de Arte & Arquitectura
Término de materia o nombre geográfico como elemento de entrada NOTICIAS
651 ## - PUNTO DE ACCESO ADICIONAL DE MATERIA--NOMBRE GEOGRÁFICO
Fuente del encabezamiento o término Tesauro de Arte & Arquitectura
Nombre geográfico SUBASTAS
942 ## - ELEMENTOS DE ENTRADA SECUNDARIOS (KOHA)
Fuente del sistema de clasificación o colocación Clasificación Decimal Dewey
Tipo de ítem Koha Libros
Parte de la signatura que corresponde a la clasificación (Parte de la clasificación) 700
Parte de la signatura que identifica el ejemplar (Parte del ítem) A786l
Suprimir en OPAC No
Holdings
Estatus retirado Estado de pérdida Fuente del sistema de clasificación o colocación Especificación de materiales (volumen encuadernado u otra parte) Estado de daño No para préstamo Colección Biblioteca de origen Biblioteca actual Fecha de adquisición Enumeración/cronología de publicación seriada Número de inventario Total de préstamos Signatura topográfica completa Código de barras Visto por última vez Precio de reemplazo Tipo de ítem Koha
    Clasificación Decimal Dewey XVIII     Revistas Biblioteca LadoV Biblioteca LadoV 24/05/2023 149-150 003686   700 A786l 003686 24/05/2023 24/05/2023 Libros